Neoinštitucionálne prúdy v súčasnej ekonomickej vede.
Gordonova formulácia neoinštitucionálnej teórie, skúmajúcej zmeny pri technickom pokroku. Zameranie mikroekonomickej inštitucionálnej analýzy na súčasný život krajín tretieho sveta. Holistický princíp súčasnej inštitucionálnej interpretácie ekonomických procesov (holistic economics). Mimotrhové riad...
Gespeichert in:
| 1. Verfasser: | |
|---|---|
| Format: | Buchkapitel |
| Sprache: | Slowakisch |
| Schlagworte: | |
| Tags: |
Keine Tags, Fügen Sie das erste Tag hinzu!
|
MARC
| LEADER | 00000naa a2200000 4500 | ||
|---|---|---|---|
| 001 | r011348 | ||
| 005 | 20220831080314.0 | ||
| 041 | 0 | |a slo | |
| 044 | |a [CS] | ||
| 245 | 1 | 0 | |a Neoinštitucionálne prúdy v súčasnej ekonomickej vede. |c Jarmila Petričová |
| 520 | |a Gordonova formulácia neoinštitucionálnej teórie, skúmajúcej zmeny pri technickom pokroku. Zameranie mikroekonomickej inštitucionálnej analýzy na súčasný život krajín tretieho sveta. Holistický princíp súčasnej inštitucionálnej interpretácie ekonomických procesov (holistic economics). Mimotrhové riadenie ekonomiky (zmluvy medzi štátom, korporáciami a odbormi). | ||
| 610 | 2 | 0 | |a neoinštitucionalizmus |
| 610 | 2 | 0 | |a teórie ekonomické |
| 610 | 2 | 0 | |a pokrok technický |
| 610 | 2 | 0 | |a rozvoj hospodársky |
| 610 | 2 | 0 | |a inštitúcia |
| 610 | 2 | 0 | |a holistic economics |
| 610 | 2 | 0 | |a sociológia |
| 610 | 2 | 0 | |a psychológia |
| 610 | 2 | 0 | |a trh |
| 610 | 2 | 0 | |a regulácia hospodárska |
| 610 | 2 | 0 | |a štát |
| 610 | 2 | 0 | |a odbory |
| 610 | 2 | 0 | |a korporácie |
| 100 | 1 | |a Petričová, Jarmila | |